00936nam a2200301Ii 450000100060000000300090000600500170001500700030003200800410003502000150007604000330009104100080012408200160013208400130014810000310016124500530019225000180024526400590026330000120032233600260033433700280036033800270038865000090041594000500042494200120047499900170048695201310050357716CO-ViMGA20250728160930.0ta241108s9999||||xx |||||||||||||| ||und|| a8420790583 aCO-ViMGAbspaerdacCO-ViMGA0 aspa04a576.82 S21o aRES008051 aManuel Seara Valero95001310aEl origen del hombre :bLa mano nos hizo humanos a1a. edición 1a[Lugar de publicación no identificado] : Anaya, 1999 avolumen atextbtxt2rdacontent aunmediatedbn2rdamedia avolumebnc2rdacarrier 2LEMB aidficha_siabuc: 1795. -- ficha_no_siabuc:1831 2ddccBK c57716d57716 00102ddc40708GENaMERESTREbMERESTREcGENd2025-07-28l0o576.82 S21opRES00805r2025-07-28 16:09:43tEj.1w2025-07-28yBK